NFL Passing Touchdown Leaders - Statistics

General Stats
  • This quiz has been taken 62 times
  • The average score is 61 of 104
Answer Stats
Year Team Quarterback % Correct
2020 Packers Aaron Rodgers 48
100%
2016 Packers Aaron Rodgers 40
100%
2003 Packers Brett Favre 32
100%
1997 Packers Brett Favre 35
100%
1996 Packers Brett Favre 39
100%
1995 Packers Brett Favre 38
100%
2023 Cowboys Dak Prescott 36
100%
1987 49ers Joe Montana 31
100%
1982 49ers Joe Montana 17
100%
2022 Chiefs Patrick Mahomes 41
100%
2018 Chiefs Patrick Mahomes 50
100%
2013 Broncos Peyton Manning 55
100%
2006 Colts Peyton Manning 31
100%
2004 Colts Peyton Manning 49
100%
2000 Colts Peyton Manning 33
100%
2017 Seahawks Russell Wilson 34
100%
2021 Buccaneers Tom Brady 43
100%
2015 Patriots Tom Brady 36
100%
2010 Patriots Tom Brady 36
100%
2007 Patriots Tom Brady 50
100%
2002 Patriots Tom Brady 28
100%
2012 Saints Drew Brees 43
98%
2011 Saints Drew Brees 46
98%
2009 Saints Drew Brees 34
98%
2008 Saints Drew Brees 34
98%
2019 Ravens Lamar Jackson 36
98%
2008 Chargers Phillip Rivers 34
96%
2014 Colts Andrew Luck 40
92%
1986 Dolphins Dan Marino 44
92%
1985 Dolphins Dan Marino 30
92%
1984 Dolphins Dan Marino 48
92%
1998 49ers Steve Young 36
92%
1994 49ers Steve Young 35
92%
1993 49ers Steve Young 29
92%
1992 49ers Steve Young 25
92%
2001 Rams Kurt Warner 36
90%
1999 Rams Kurt Warner 41
90%
2005 Bengals Carson Palmer 32
82%
1991 Bills Jim Kelly 33
82%
1960 Colts Johnny Unitas 25
78%
1959 Colts Johnny Unitas 32
78%
1958 Colts Johnny Unitas 19
78%
1957 Colts Johnny Unitas 24
78%
1982 Steelers Terry Bradshaw 17
78%
1978 Steelers Terry Bradshaw 28
78%
1990 Oilers Warren Moon 33
78%
1975 Vikings Fran Tarkenton 25
74%
2000 Vikings Daunte Culpepper 33
70%
1972 Jets Joe Namath 19
68%
1973 Cowboys Roger Staubach 23
64%
1982 Chargers Dan Fouts 17
56%
1981 Chargers Dan Fouts 33
56%
1952 Browns Otto Graham 20
56%
1976 Raiders Ken Stabler 27
52%
1974 Raiders Ken Stabler 26
52%
1977 Dolphins Bob Griese 22
50%
1947 Redskins Sammy Baugh 25
50%
1940 Redskins Sammy Baugh 12
50%
1963 Giants Y. A Tittle 36
48%
1962 Giants Y. A Tittle 33
48%
1955 49ers Y. A Tittle 17
48%
1989 Rams Jim Everett 29
46%
1988 Rams Jim Everett 31
46%
1979 Browns Brian Sipe 28
42%
1967 Redskins Sonny Jurgensen 31
40%
1961 Eagles Sonny Jurgensen 32
40%
1983 Packers Lynn Dickey 32
38%
1951 Lions Bobby Layne 26
36%
1970 49ers John Brodie 24
36%
1965 49ers John Brodie 30
36%
1973 Eagles Roman Gabriel 23
36%
1969 Rams Roman Gabriel 24
36%
1980 Falcons Steve Bartkowski 31
36%
1971 Chargers John Hadl 21
34%
1946 Bears Sid Luckman 17
34%
1945 Bears Sid Luckman 14
34%
1943 Bears Sid Luckman 28
34%
1968 Colts Earl Morrall 26
32%
1975 Bills Joe Ferguson 25
32%
1979 Patriots Steve Grogan 28
30%
1972 Redskins Billy Kilmer 19
26%
1966 Browns Frank Ryan 29
26%
1964 Browns Frank Ryan 25
26%
1946 Rams Bob Waterfield 17
16%
1945 Rams Bob Waterfield 14
16%
1936 Packers Arnie Herber 11
14%
1934 Packers Arnie Herber 8
14%
1932 Packers Arnie Herber 9
14%
1956 Packers Tobin Rote 18
12%
1955 Packers Tobin Rote 17
12%
1953 Eagles Bobby Thomason 21
4%
1952 Steelers Jim Finks 20
4%
1949 Bears Johnny Lujack 23
4%
1948 Eagles Tommy Thompson 25
4%
1954 Eagles Adrian Burk 23
2%
1937 Bears Bernie Masterson 9
2%
1938 Packers Bob Monnett 9
2%
1942 Packers Cecil Isbell 24
2%
1941 Packers Cecil Isbell 15
2%
1935 Giants Ed Danowski 10
2%
1950 Yanks George Ratterman 22
2%
1944 Redskins Frank Filchock 13
0%
1939 Redskins Frank Filchock 11
0%
1933 Giants Harry Newman 11
0%
No matching quizzes found
Score Distribution
Percent of People with Each Score
Percentile by Number Answered
Your Score History
You have not taken this quiz